Les français en Liga (2010-2020) - Statistiques

Statistiques générales
  • Ce quiz a été pris 823 fois
    747 depuis la dernière actualisation
  • Le résultat moyen est 18 sur 72
Statistiques - réponses
Nb de saisons Clubs Joueur % Correct
10 Real Sociedad (2010-2014), Atlético Madrid (2014-2019), Barcelone (2019-2020) Antoine Griezmann
99%
10 Real Madrid (2010-2020) Karim Benzema
98%
9 Real Madrid (2011-2020) Raphaël Varane
91%
4 Barcelone (2016-2020) Samuel Umtiti
81%
3 Barcelone (2017-2020) Ousmane Dembélé
79%
7 Valence (2010-2014), Barcelone (2014-2017) Jérémy Mathieu
72%
3 Séville (2017-2018), Barcelone (2018-2020) Clément Lenglet
70%
1 Real Madrid (2019-2020) Ferland Mendy
69%
2 Atlético Madrid (2018-2020) Thomas Lemar
67%
1 Bétis Séville (2019-2020) Nabil Fekir
66%
7 Séville (2013-2016), Atlético Madrid (2016-2018), Valence (2018-2020) Kévin Gameiro
64%
3 Alavés (2016-2017), Real Madrid (2017-2018), Real Sociedad (2018-2019) Theo Hernandez
63%
1 Séville (2019-2020) Jules Koundé
62%
5 Atlético Madrid (2014-2019) Lucas Hernandez
62%
3 Barcelone (2010-2013) Eric Abidal
55%
2 Barcelone (2016-2018) Lucas DIgne
51%
3 Séville (2016-2019) Wissam Ben Yedder
51%
2 Real Madrid (2017-2019) Luca Zidane
44%
5 Valence (2011-2014), Séville (2015-2017) Adil Rami
43%
2 Real Madrid (2010-2012) Lassana Diarra
42%
2 Valence (2018-2020) Francis Coquelin
41%
2 Villarreal (2015-2016), Real Madrid (2019-2020) Alphonse Areola
40%
2 Real Sociedad (2018-2020) Robin Le Normand
38%
2 Séville (2018-2019), Grenade (2019-2020) Maxime Gonalons
36%
3 Séville (2015-2018) Steven Nzonzi
35%
2 Séville (2014-2016) Benoît Trémoulinas
27%
1 Séville (2016-2017) Samir Nasri
26%
6 Grenade (2013-2017, 2019-2020), Getafe (2018-2019) Dimitri Foulquier
25%
1 Valladolid (2019-2020) Hatem Ben Arfa
22%
2 Barcelone (2018-2020) Jean-Clair Todibo
22%
2 Malaga (2011-2013) Jérémy Toulalan
21%
2 Valence (2016-2017, 2019-2020) Eliaquim Mangala
20%
2 Valence (2018-2020) Mouctar Diakhaby
17%
2 Villarreal (2011-2012), Eibar (2016-2017) Florian Lejeune
13%
2 Séville (2017-2018), Espanyol (2019-2020) Sébastien Corchia
11%
2 Séville (2010-2012) Julien Escudé
10%
1 Herculés (2010-2011) David Trezeguet
9%
1 Las Palmas (2017-2018), Getafe (2017-2018) Loïc Rémy
9%
2 Getafe (2017-2019) Mathieu Flamini
7%
1 Bétis Séville (2016-2017) Jonas Martin
6%
3 Celta Vigo (2015-2017), Leganés (2017-2018) Claudio Beauvue
5%
1 Atlético Madrid (2013-2014) Josuha Guilavogui
5%
1 Levante (2013-2014) Rémi Gomis
5%
2 Real Madrid (2016-2017), Alavés (2017-2018) Enzo Fernandez
4%
1 Saragosse (2010-2011) Florent Sinama-Pongolle
4%
2 Séville (2018-2019), Leganés (2019-2020) Ibrahim Amadou
4%
3 Grenade (2014-2016), Gijon (2016-2017) Jean-Sylvain Babin
4%
1 Valence (2012-2013) Aly Cissokho
3%
2 Séville (2014-2016) Timothée Kolodziejczak
3%
1 Grenade (2015-2016) Abdoulaye Doucouré
2%
1 Osasuna (2016-2017) Emmanuel Rivière
2%
1 Grenade (2016-2017) Franck Tabanou
2%
1 Espanyol (2015-2016) Michaël Ciani
2%
1 Real Sociedad (2019-2020) Modibo Sagnan
2%
1 Grenade (2013-2014) Alexandre Coeff
1%
2 Bétis Séville (2015-2016), Osasuna (2016-2017) Didier Digard
1%
1 Villarreal (2013-2014) Jérémy Perbet
1%
1 Séville (2017-2018) Lionel Carole
1%
1 Grenade (2016-2017) Matthieu Saunier
1%
3 Majorque (2010-2013) Michaël Pereira
1%
1 La Corogne (2014-2015) Modibo Diakité
1%
1 Séville (2010-2011) Mouhamadou Dabo
1%
2 Real Sociedad (2018-2020) Naïs Djouahra
1%
1 Malaga (2017-2018) Paul Baysse
1%
1 Majorque (2019-2020) Yannis Salibur
1%
1 Grenade (2011-2012) Yohan Mollo
1%
2 Getafe (2014-2016) Abdoul Karim Yoda
0%
2 Gijon (2010-2012) Grégory Arnolin
0%
1 Osasuna (2013-2014) Jordan Lotiès
0%
2 Herculés (2010-2011), Grenade (2011-2012) Noé Pamarot
0%
1 Herculés (2010-2011) Olivier Thomert
0%
1 Bétis Séville (2015-2016) Vincenzo Rennella
0%
Aucun quiz correspondant
Distribution des résultats
% des personnes avec chaque résultat
Percentile par nombre de réponses
Votre historique - résultats
Vous n’avez pas pris ce quiz depuis la dernière actualisation